000
00320nam a22001337a 4500
020
_a
1-56032-028-1
082
_a
621.4023 COM'C
100
_a
CHIGIER, N
_9
67659
245
_a
COMBUSTION MEASUREMENT
260
_a
NEWYORK
_b
OHEMISPHERE
_c
1991
300
_a
535P
650
_a
COMBUSTION MEASUREMENT
_9
67660
942
_c
BK
999
_c
575384
_d
575384